[Event "BRA-ch U18 Girls"]
[Site "Sao Paulo"]
[Date "2018.03.30"]
[Round "3"]
[White "Nicoladeli, Isadora Da Rocha"]
[Black "Di Simoni, Rafaela Moura"]
[Result "1/2-1/2"]
[WhiteElo "1466"]
[BlackElo "1528"]
[PlyCount "58"]
[EventDate "2018.03.29"]
[EventType "swiss"]
[EventRounds "6"]
[EventCountry "BRA"]
[SourceTitle "EXT 2019"]
[Source "ChessBase"]
[SourceDate "2018.10.10"]
[SourceVersion "1"]
[SourceVersionDate "2018.10.10"]
[SourceQuality "1"]

1. e4 c6 2. d4 d5 3. Nc3 dxe4 4. Nxe4 Nf6 5. Nxf6+ exf6 6. Nf3 Bd6 7. Bd3 0-0 8. 0-0 Bg4 9. Be2 Re8 10. Be3 Qc7 11. h3 Bh5 12. Qd2 Nd7 13. Nh4 Bxe2 14. Qxe2 Nf8 15. Qg4 Ng6 16. Nf5 Rad8 17. h4 Bf8 18. h5 Qd7 19. hxg6 hxg6 20. Nh6+ gxh6 21. Qf3 Bg7 22. Rad1 a6 23. Rfe1 f5 24. Re2 Re6 25. Red2 Rd6 26. c3 g5 27. Rd3 f4 28. Bc1 Rd5 29. b3 c5 1/2-1/2

[Event "Catarinense-ch (Women)"]
[Site "Concordia"]
[Date "2018.02.25"]
[Round "5"]
[White "Dias, Juliane de Oliveira"]
[Black "Nicoladeli, Isadora Da Rocha"]
[Result "1-0"]
[WhiteElo "1893"]
[BlackElo "1442"]
[PlyCount "103"]
[EventDate "2018.02.23"]
[EventType "swiss"]
[EventRounds "6"]
[EventCountry "BRA"]
[SourceTitle "EXT 2019"]
[Source "ChessBase"]
[SourceDate "2018.10.10"]
[SourceVersion "1"]
[SourceVersionDate "2018.10.10"]
[SourceQuality "1"]

1. e4 e6 2. d4 d5 3. exd5 exd5 4. Nf3 Bd6 5. Bg5 Ne7 6. Bd3 Nbc6 7. 0-0 Bg4 8. c3 Qd7 9. Nbd2 0-0-0 10. Qa4 f6 11. Bh4 g5 12. Bg3 h5 13. Bxd6 Qxd6 14. b4 a6 15. b5 Nb8 16. bxa6 Nxa6 17. Rab1 Bf5 18. Qb5 Bxd3 19. Qxd3 h4 20. Qb5 Qc6 21. Qxc6 Nxc6 22. h3 Rdg8 23. Rb5 Ne7 24. Rfb1 b6 25. a4 f5 26. Re1 Kd8 27. Ne5 Rh7 28. a5 g4 29. hxg4 fxg4 30. axb6 cxb6 31. Rxb6 Nc7 32. Rb8+ Nc8 33. c4 g3 34. f3 h3 35. Nc6+ Kd7 36. Ne5+ Ke7 37. Ng4+ Kf7 38. Rb7 h2+ 39. Kh1 Kg6 40. cxd5 Nd6 41. Rb6 Rd8 42. Nc4 Ncb5 43. Nxd6 Nxd6 44. Re6+ Kg5 45. Re5+ Kh4 46. Nf6 Rhh8 47. Rc6 Rb8 48. Re1 Rhd8 49. Ne4 Nxe4 50. Rxe4+ Kh5 51. Re5+ Kh4 52. Rh6# 1-0

[Event "Catarinense-ch (Women)"]
[Site "Concordia"]
[Date "2018.02.24"]
[Round "3"]
[White "Ziliotto, Barbara Magro"]
[Black "Nicoladeli, Isadora Da Rocha"]
[Result "0-1"]
[WhiteElo "1741"]
[BlackElo "1442"]
[PlyCount "88"]
[EventDate "2018.02.23"]
[EventType "swiss"]
[EventRounds "6"]
[EventCountry "BRA"]
[SourceTitle "EXT 2019"]
[Source "ChessBase"]
[SourceDate "2018.10.10"]
[SourceVersion "1"]
[SourceVersionDate "2018.10.10"]
[SourceQuality "1"]

1. e4 e6 2. d4 d5 3. Nd2 Nf6 4. e5 Nfd7 5. Bd3 c5 6. c3 Nc6 7. Ne2 b6 8. 0-0 Be7 9. Nf3 f6 10. exf6 Nxf6 11. Re1 0-0 12. Ng3 Qc7 13. Ng5 cxd4 14. Qc2 h6 15. Nxe6 Bxe6 16. Rxe6 dxc3 17. Qxc3 Bc5 18. Nf5 Ng4 19. g3 Nxf2 20. Be3 Bxe3 21. Nxe3 Nxd3 22. Qxd3 Qd7 23. Qxd5 Qxd5 24. Nxd5 Rad8 25. Ne7+ Nxe7 26. Rxe7 Rd2 27. Rf1 Rxf1+ 28. Kxf1 Rxh2 29. Rxa7 Rxb2 30. a4 Kh7 31. a5 bxa5 32. Rxa5 g5 33. Ra6 h5 34. Kg1 Rb7 35. Kh2 Rg7 36. Kh3 Rg6 37. Rxg6 Kxg6 38. Kg2 Kf5 39. Kf3 g4+ 40. Kg2 Ke4 41. Kf2 Kd3 42. Kg2 Ke3 43. Kg1 Kf3 44. Kh2 Kf2 0-1

[Event "BRA-ch U16 Girls"]
[Site "Itajai"]
[Date "2017.06.03"]
[Round "5"]
[White "Kikuchi Cadilhac, Mariana Sawae"]
[Black "Nicoladeli, Isadora Da Rocha"]
[Result "0-1"]
[WhiteElo "1623"]
[BlackElo "1364"]
[PlyCount "72"]
[EventDate "2017.06.01"]
[EventType "swiss"]
[EventRounds "6"]
[EventCountry "BRA"]
[SourceTitle "CBM 179 Extra"]
[Source "ChessBase"]
[SourceDate "2017.08.23"]
[SourceVersion "1"]
[SourceVersionDate "2017.08.23"]
[SourceQuality "1"]

1. e4 e6 2. d4 d5 3. Nc3 Nf6 4. e5 Nfd7 5. f4 c5 6. Nf3 Nc6 7. Be3 Be7 8. Be2 0-0 9. 0-0 a6 10. a3 b5 11. Kh1 Bb7 12. Qd2 Qb6 13. Rad1 Rac8 14. Qe1 cxd4 15. Nxd4 Nxd4 16. Bxd4 Bc5 17. Bxc5 Qxc5 18. Bd3 Nb6 19. f5 exf5 20. Bxf5 Rce8 21. Rf4 d4 22. e6 fxe6 23. Bxe6+ Kh8 24. Rdxd4 Rxf4 25. Rxf4 Qd6 26. Qf1 Qxe6 27. Rf8+ Rxf8 28. Qxf8+ Qg8 29. Qe7 Qb8 30. Qc5 h6 31. Kg1 Nd7 32. Qf5 Qe8 33. Qf2 Nf6 34. h3 Qg6 35. Nd1 Nd5 36. b4 Nf4 0-1

[Event "BRA-ch U16 Girls"]
[Site "Itajai"]
[Date "2017.06.02"]
[Round "2"]
[White "Nicoladeli, Isadora Da Rocha"]
[Black "Lisboa, Joana Cunha"]
[Result "0-1"]
[WhiteElo "1364"]
[BlackElo "1486"]
[PlyCount "76"]
[EventDate "2017.06.01"]
[EventType "swiss"]
[EventRounds "6"]
[EventCountry "BRA"]
[SourceTitle "CBM 179 Extra"]
[Source "ChessBase"]
[SourceDate "2017.08.23"]
[SourceVersion "1"]
[SourceVersionDate "2017.08.23"]
[SourceQuality "1"]

1. e4 e6 2. d4 d5 3. Nc3 Bb4 4. e5 c5 5. h4 Ne7 6. h5 h6 7. Nf3 cxd4 8. Qxd4 Nbc6 9. Qg4 d4 10. a3 Qa5 11. Rb1 dxc3 12. axb4 Qa2 13. Qxg7 Rg8 14. Qxh6 Qxb1 15. bxc3 Qxc2 16. Qd2 Qxd2+ 17. Bxd2 Nf5 18. h6 a5 19. bxa5 Rxa5 20. h7 Rh8 21. Bg5 Kf8 22. Bf6 Ng7 23. Rh3 Ne7 24. Bd3 Nd5 25. Rg3 Nxf6 26. exf6 Nh5 27. Rg4 Nxf6 28. Rh4 Kg7 29. Rh3 Bd7 30. Rg3+ Kf8 31. Ng5 Bc6 32. f4 Nd5 33. Rg4 Nxf4 34. Bc2 Nxg2+ 35. Kd2 Ra2 36. Kd3 Ne1+ 37. Kc4 Nxc2 38. Rf4 Ra4+ 0-1

[Event "BRA-ch U20 Girls"]
[Site "Icara"]
[Date "2016.06.26"]
[Round "7"]
[White "Nicoladeli, Isadora Da Rocha"]
[Black "Senger, Maria Clara da Silv"]
[Result "1/2-1/2"]
[WhiteElo "1342"]
[BlackElo "1200"]
[PlyCount "125"]
[EventDate "2016.06.23"]
[EventType "swiss"]
[EventRounds "7"]
[EventCountry "BRA"]
[SourceTitle "EXT 2017"]
[Source "ChessBase"]
[SourceDate "2016.10.25"]
[SourceVersion "1"]
[SourceVersionDate "2016.10.25"]
[SourceQuality "1"]

1. e4 d6 2. d4 Nf6 3. Nc3 g6 4. g3 Bg7 5. Bg2 0-0 6. Nf3 c5 7. dxc5 dxc5 8. 0-0 Nc6 9. Qxd8 Rxd8 10. Bg5 Rb8 11. Rfd1 Rxd1+ 12. Rxd1 b6 13. Nd5 Be6 14. Nxf6+ exf6 15. Bf4 Rd8 16. Rxd8+ Nxd8 17. Bb8 a6 18. Bc7 Nb7 19. Bxb6 Bxa2 20. Bf1 Nd6 21. Bxc5 Nxe4 22. Bb6 f5 23. b3 Bb1 24. Bd3 Nd6 25. Nd2 Ba2 26. Bxa6 Bc3 27. Nc4 Ne4 28. Bb7 Bb1 29. Na3 Ba2 30. Bxe4 fxe4 31. Kf1 Kf8 32. Ke2 f5 33. f3 exf3+ 34. Kxf3 Ke7 35. Kf4 Kf6 36. Bd8+ Ke6 37. g4 Be5+ 38. Kg5 fxg4 39. Kxg4 Bxh2 40. Kg5 Kf7 41. Kh6 Kg8 42. b4 Bf4+ 43. Bg5 Bxg5+ 44. Kxg5 Kg7 45. c4 h6+ 46. Kg4 Kf6 47. c5 Bb3 48. c6 Be6+ 49. Kg3 g5 50. b5 Ke7 51. b6 Kd8 52. b7 Kc7 53. Nb5+ Kb8 54. Nd4 Bd5 55. Kg4 Bxc6 56. Nb3 Bxb7 57. Nc5 Bc8+ 58. Kh5 g4 59. Ne4 Kc7 60. Kxh6 Kc6 61. Kh5 Kd5 62. Nf6+ Ke5 63. Nxg4+ 1/2-1/2

[Event "BRA-ch sf (Women)"]
[Site "Blumenau"]
[Date "2015.11.01"]
[Round "5.8"]
[White "Nicoladeli, Isadora Da Rocha"]
[Black "Feller, Gabriela Luisa Vice"]
[Result "1-0"]
[WhiteElo "1338"]
[BlackElo "1418"]
[PlyCount "75"]
[EventDate "2015.10.30"]
[EventType "swiss"]
[EventRounds "7"]
[EventCountry "BRA"]
[SourceTitle "EXT 2022"]
[Source "ChessBase"]
[SourceDate "2021.10.06"]
[SourceVersion "1"]
[SourceVersionDate "2021.10.06"]
[SourceQuality "1"]

1. e4 e6 2. d4 d5 3. Nc3 Nf6 4. e5 Nfd7 5. f4 c5 6. Nf3 Nc6 7. Be3 a6 8. Qd2 Be7 9. Be2 0-0 10. 0-0 b5 11. a3 Qb6 12. Kh1 Bb7 13. Rad1 cxd4 14. Nxd4 Bc5 15. Nxc6 Bxe3 16. Ne7+ Kh8 17. Qd3 Rfe8 18. Nexd5 exd5 19. Nxd5 Bxd5 20. Qxd5 Nc5 21. Qxf7 Qe6 22. Qh5 Na4 23. Rd6 Qc8 24. Bd3 g6 25. Bxg6 Re7 26. f5 Qc4 27. Rfd1 Qg8 28. e6 Rg7 29. Rd7 Nc5 30. Rxg7 Qxg7 31. b4 Nxe6 32. fxe6 Qxg6 33. Qe5+ Qg7 34. Qxe3 Re8 35. Rd7 Qa1+ 36. Qg1 Qxa3 37. Qd4+ Kg8 38. Qg7# 1-0

[Event "BRA-ch sf (Women)"]
[Site "Blumenau"]
[Date "2015.10.30"]
[Round "1.4"]
[White "Nicoladeli, Isadora Da Rocha"]
[Black "Bonfim, Regina Rodrigues"]
[Result "0-1"]
[WhiteElo "1338"]
[BlackElo "1933"]
[PlyCount "104"]
[EventDate "2015.10.30"]
[EventType "swiss"]
[EventRounds "7"]
[EventCountry "BRA"]
[SourceTitle "EXT 2022"]
[Source "ChessBase"]
[SourceDate "2021.10.06"]
[SourceVersion "1"]
[SourceVersionDate "2021.10.06"]
[SourceQuality "1"]

1. e4 c5 2. Nf3 d6 3. g3 Nc6 4. Bg2 Nf6 5. d3 e5 6. 0-0 Be7 7. Nbd2 0-0 8. Re1 Bg4 9. Nf1 Nd4 10. h4 Qd7 11. N1h2 Nxf3+ 12. Bxf3 Be6 13. c3 Qc8 14. d4 a6 15. d5 Bd7 16. Bg5 h6 17. Bxf6 Bxf6 18. Ng4 Be7 19. Ne3 g6 20. Nc4 Qc7 21. h5 b5 22. Ne3 Bg5 23. hxg6 fxg6 24. Bg4 Rac8 25. Bxd7 Qxd7 26. Kg2 Rf7 27. Qe2 h5 28. Rh1 Qe7 29. Raf1 Rcf8 30. c4 b4 31. b3 a5 32. Nc2 Qf6 33. Ne1 Kg7 34. Rh2 h4 35. g4 Qe7 36. Kg1 Qd7 37. Ng2 Rh8 38. Ne3 h3 39. Nc2 Bf4 40. Rh1 Rh4 41. f3 Qe7 42. Kf2 Rh8 43. Ke1 Qg5 44. Kd1 Rff8 45. Ne1 Ra8 46. Qc2 Qe7 47. Nd3 Qg5 48. Rf2 Bg3 49. Re2 Raf8 50. Ne1 Bxe1 51. Rexe1 Rxf3 52. Qe2 Qf6 0-1

[Event "Catarinense-ch (Women)"]
[Site "Concordia"]
[Date "2014.08.30"]
[Round "2"]
[White "Nicoladeli, Isadora Da Rocha"]
[Black "Gomes, Maria Eduarda Papin"]
[Result "1-0"]
[WhiteElo "1508"]
[BlackElo "1595"]
[PlyCount "75"]
[EventDate "2014.08.29"]
[EventType "swiss"]
[EventRounds "5"]
[EventCountry "BRA"]
[SourceTitle "EXT 2022"]
[Source "ChessBase"]
[SourceDate "2021.10.06"]
[SourceVersion "1"]
[SourceVersionDate "2021.10.06"]
[SourceQuality "1"]

1. e4 d5 2. exd5 Qxd5 3. Nc3 Qa5 4. d4 c6 5. Nf3 Bg4 6. Bd3 e6 7. h3 Bh5 8. g4 Bg6 9. Ne5 Bxd3 10. Qxd3 Nf6 11. Nc4 Qc7 12. Bg5 Nbd7 13. 0-0-0 0-0-0 14. Rd2 Be7 15. Qe3 Rhe8 16. Bf4 e5 17. dxe5 Bc5 18. Qg3 Nb6 19. exf6 Rxd2 20. Bxc7 Nxc4 21. b3 Bxf2 22. Qf4 Be3 23. Qf5+ Kxc7 24. Kb1 g6 25. Qf3 Na3+ 26. Kb2 Nb5 27. Ne4 Bd4+ 28. Kc1 Bc3 29. Nxd2 Bxd2+ 30. Kxd2 Rd8+ 31. Ke2 Re8+ 32. Kf2 Rd8 33. Re1 Rd2+ 34. Re2 Rxe2+ 35. Qxe2 Kd6 36. Qe7+ Kd5 37. Qxf7+ Kd6 38. Qe7+ 1-0

[Event "Catarinense-ch (Women)"]
[Site "Concordia"]
[Date "2014.08.30"]
[Round "3"]
[White "Nicoladeli, Isadora Da Rocha"]
[Black "Valcarenghi, Cristina"]
[Result "0-1"]
[WhiteElo "1508"]
[BlackElo "1915"]
[PlyCount "46"]
[EventDate "2014.08.29"]
[EventType "swiss"]
[EventRounds "5"]
[EventCountry "BRA"]
[SourceTitle "EXT 2022"]
[Source "ChessBase"]
[SourceDate "2021.10.06"]
[SourceVersion "1"]
[SourceVersionDate "2021.10.06"]
[SourceQuality "1"]

1. e4 c5 2. Nf3 Nc6 3. d4 cxd4 4. Nxd4 d6 5. Bb5 Bd7 6. Nc3 Nf6 7. 0-0 e6 8. Re1 Be7 9. b3 0-0 10. Bb2 Rc8 11. Qd2 a6 12. Bd3 Nxd4 13. Rad1 e5 14. Re3 Nh5 15. Be2 Nxe2+ 16. Qxe2 Nf4 17. Qf3 Rc6 18. Qg3 Bh4 19. Qf3 Qg5 20. g3 Qg6 21. Kh1 Bg4 22. Qxg4 Qxg4 23. gxh4 Qg2# 0-1